Statistics for 日本100名城

Click here to take the quiz!

General Stats

  • This quiz has been taken 10 times
  • The average score is 26 of 100

Answer Stats

地方都道府県市町村城名% Correct
東京都千代田区江戸城
88%
関東茨城県水戸市水戸城
75%
函館市五稜郭
75%
松前町松前城
75%
東北青森県弘前市弘前城
75%
松本市松本城
75%
宮城県多賀城市多賀城
75%
京都府京都市二条城
75%
甲府市甲府城
63%
大阪府大阪市大阪城
63%
八王子市八王子城
63%
会津若松市会津若松城
63%
福島県二本松市二本松城
50%
小諸市小諸城
50%
山形県山形市山形城
50%
神奈川県小田原市小田原城
50%
姫路市姫路城
50%
岩手県盛岡市盛岡城
50%
熊本県熊本市熊本城
50%
上田市上田城
50%
岐阜市岐阜城
38%
静岡市駿府城
38%
福井県坂井市丸岡城
38%
金沢市金沢城
38%
兵庫県朝来市竹田城
38%
掛川市掛川城
38%
新潟県新発田市新発田城
38%
彦根市彦根城
38%
川越市川越城
38%
名古屋市名古屋城
38%
島根県松江市松江城
38%
岡山市岡山城
38%
仙台市仙台城
38%
赤穂市赤穂城
25%
和歌山県和歌山市和歌山城
25%
明石市明石城
25%
丹波篠山市篠山城
25%
中国鳥取県鳥取市鳥取城
25%
津和野町津和野城
25%
香川県高松市高松城
25%
松山市松山城
25%
佐賀市佐賀城
25%
北海道北海道根室市根室半島チャシ跡群
25%
近江八幡市安土城
25%
岡崎市岡崎城
25%
石川県七尾市七尾城
25%
伊那市高遠城
25%
北陸富山県高岡市高岡城
25%
白河市白河小峰城
25%
秋田県秋田市久保田城
25%
愛知県犬山市犬山城
25%
八戸市根城
25%
佐賀県唐津市名護屋城
13%
九州福岡県福岡市福岡城
13%
高知県高知市高知城
13%
宇和島市宇和島城
13%
高梁市備中松山城
13%
島原市島原城
13%
愛媛県今治市今治城
13%
丸亀市丸亀城
13%
四国徳島県徳島市徳島城
13%
萩市萩城
13%
新城市長篠城
13%
広島県福山市福山城
13%
群馬県高崎市箕輪城
13%
広島市広島城
13%
岡山県津山市津山城
13%
奈良県高取町高取城
13%
三重県伊賀市伊賀上野城
13%
松阪市松阪城
13%
福井市一乗谷城
13%
千早赤阪村千早城
13%
上越市春日山城
13%
長野県長野市松代城
13%
東海岐阜県恵那市岩村城
13%
甲信越山梨県甲府市武田氏館
13%
埼玉県寄居町鉢形城
13%
那覇市首里城
13%
千葉県佐倉市佐倉城
13%
安来市月山富田城
0%
中城村中城城
0%
沖縄沖縄県今帰仁村今帰仁城
0%
鹿児島県鹿児島市鹿児島城
0%
宮崎県日南市飫肥城
0%
竹田市岡城
0%
大分県大分市大分府内城
0%
人吉市人吉城
0%
総社市鬼ノ城
0%
長崎県平戸市平戸城
0%
松山市湯築城
0%
近畿滋賀県長浜市小谷城
0%
栃木県足利市足利氏館
0%
静岡県三島市山中城
0%
太宰府市
大野城市
宇美町
大野城
0%
近江八幡市観音寺城
0%
太田市新田金山城
0%
山口県岩国市岩国城
0%
大洲市大洲城
0%
安芸高田市郡山城
0%
吉野ヶ里町吉野ヶ里
0%

Score Distribution

Percentile by Number Answered

Percent of People with Each Score

Your Score History

You have not taken this quiz